[Event "Quebec op"]
[Site "Longueuil"]
[Date "2019.07.24"]
[Round "6"]
[White "Feoktistov, Dmitri"]
[Black "Prahov, Valentin Asenov"]
[Result "1/2-1/2"]
[WhiteElo "2139"]
[BlackElo "2055"]
[PlyCount "50"]
[EventDate "2019.07.20"]
[EventType "swiss"]
[EventRounds "9"]
[EventCountry "CAN"]
[SourceTitle "CBM 191 Extra"]
[Source "ChessBase"]
[SourceDate "2019.09.30"]
[SourceVersion "1"]
[SourceVersionDate "2019.09.30"]
[SourceQuality "1"]

1. d4 Nf6 2. c4 g6 3. Nc3 d5 4. cxd5 Nxd5 5. e4 Nxc3 6. bxc3 Bg7 7. Nf3 0-0 8. Rb1 c5 9. Be2 cxd4 10. cxd4 Qa5+ 11. Bd2 Qxa2 12. 0-0 Qe6 13. Qc2 b6 14. d5 Qd6 15. Bb4 Qd7 16. Qa2 a5 17. Ba3 Ba6 18. Rxb6 Qa4 19. Bxa6 Nxa6 20. Qb3 Qxb3 21. Rxb3 Rfb8 22. Rxb8+ Rxb8 23. Bxe7 Bf8 24. Bxf8 Kxf8 25. Ne5 Re8 1/2-1/2

[Event "Laval op"]
[Site "Laval"]
[Date "2019.06.22"]
[Round "2"]
[White "Feoktistov, Dmitri"]
[Black "Zhong, Kevin"]
[Result "1-0"]
[WhiteElo "2139"]
[BlackElo "2039"]
[PlyCount "87"]
[EventDate "2019.06.21"]
[EventType "swiss"]
[EventRounds "5"]
[EventCountry "CAN"]
[SourceTitle "CBM 191 Extra"]
[Source "ChessBase"]
[SourceDate "2019.09.30"]
[SourceVersion "1"]
[SourceVersionDate "2019.09.30"]
[SourceQuality "1"]

1. d4 d5 2. c4 e6 3. Nc3 Nf6 4. cxd5 exd5 5. Bg5 Be7 6. e3 c6 7. Bd3 Ne4 8. Bf4 Nxc3 9. bxc3 Bd6 10. Ne2 0-0 11. Qc2 g6 12. h4 Bxf4 13. Nxf4 Qf6 14. h5 Be6 15. hxg6 hxg6 16. Rh6 Qg5 17. Rxg6+ fxg6 18. Nxe6 Qxg2 19. Nxf8 Kxf8 20. Rb1 b6 21. Bxg6 Kg7 22. Be8 Na6 23. Bxc6 Rf8 24. Bb5 Nc7 25. Bf1 Qg1 26. Qe2 Ne6 27. f4 Re8 28. Qf2 Qh1 29. Kd2 Kf7 30. Qg2 Qxg2+ 31. Bxg2 Nc7 32. Rh1 Rg8 33. Bf3 Ke6 34. Rh6+ Kd7 35. f5 Rg3 36. Ke2 Nb5 37. Bxd5 Nxc3+ 38. Kf2 Rg5 39. Be6+ Kd6 40. Kf3 Rg1 41. Bc4+ Kc7 42. f6 b5 43. f7 bxc4 44. Kf2 1-0

[Event "Montreal Mercredi 04"]
[Site "Montreal"]
[Date "2019.04.10"]
[Round "2"]
[White "Tremblay, Alain"]
[Black "Feoktistov, Dmitri"]
[Result "0-1"]
[WhiteElo "2078"]
[BlackElo "2172"]
[PlyCount "52"]
[EventDate "2019.04.03"]
[EventType "swiss"]
[EventRounds "5"]
[EventCountry "CAN"]
[SourceTitle "EXT 2022"]
[Source "ChessBase"]
[SourceDate "2021.10.06"]
[SourceVersion "1"]
[SourceVersionDate "2021.10.06"]
[SourceQuality "1"]

1. Nf3 f5 2. b4 Nf6 3. Bb2 e6 4. b5 b6 5. e3 Be7 6. Be2 0-0 7. c4 Bb7 8. 0-0 d6 9. Nd4 Qd7 10. f4 c5 11. Nf3 h6 12. d3 Qe8 13. Nc3 Nbd7 14. h3 e5 15. fxe5 dxe5 16. Nh4 g6 17. Bf3 e4 18. dxe4 fxe4 19. Bg4 Ne5 20. Be6+ Kh7 21. Nd5 Nxd5 22. Bxd5 Rxf1+ 23. Kxf1 Bxh4 24. Bxb7 Nxc4 25. Qe2 Qxb5 26. Bc1 Nxe3+ 0-1

[Event "Montreal Mercredi 01"]
[Site "Montreal"]
[Date "2019.01.23"]
[Round "3"]
[White "Feoktistov, Dmitri"]
[Black "Zheng, Richard"]
[Result "1-0"]
[WhiteElo "2150"]
[BlackElo "2073"]
[PlyCount "167"]
[EventDate "2019.01.09"]
[EventType "swiss"]
[EventRounds "5"]
[EventCountry "CAN"]
[SourceTitle "EXT 2022"]
[Source "ChessBase"]
[SourceDate "2021.10.06"]
[SourceVersion "1"]
[SourceVersionDate "2021.10.06"]
[SourceQuality "1"]

1. d4 d5 2. c4 c6 3. Nf3 Nf6 4. Nc3 e6 5. Bg5 dxc4 6. e4 b5 7. e5 h6 8. Bh4 g5 9. Nxg5 hxg5 10. Bxg5 Nbd7 11. g3 Qb6 12. exf6 Bb7 13. Bg2 c5 14. d5 0-0-0 15. 0-0 b4 16. Rb1 Qa6 17. dxe6 Bxg2 18. e7 Bxe7 19. fxe7 Rdg8 20. Kxg2 Rxg5 21. Ne4 Qc6 22. f3 Rd5 23. Qe2 Re5 24. Qxc4 f5 25. Nf2 Rxe7 26. Rbe1 Rhe8 27. Nd3 Kb7 28. h4 Re2+ 29. Rxe2 Rxe2+ 30. Rf2 Re8 31. Rc2 Re3 32. Rf2 Kb6 33. Nf4 Kb7 34. Qf7 Ka6 35. Qxf5 Ne5 36. Qb1 Kb7 37. Qd1 a5 38. Qd5 c4 39. Qxa5 Nxf3 40. Qxb4+ Kc8 41. Qf8+ Kb7 42. Qf7+ Kb8 43. Nd5 Ne1+ 44. Kf1 Nd3 45. Rf6 Re1+ 46. Kg2 Re2+ 47. Kh3 Qc8+ 48. g4 Rxb2 49. Nb6 Nf2+ 50. Rxf2 Rxb6 51. Qf8 Rc6 52. Qxc8+ Kxc8 53. Rc2 Kd7 54. h5 Ke6 55. Kh4 c3 56. Kg5 Kf7 57. a4 Rc5+ 58. Kh4 Kg7 59. a5 Rc7 60. a6 Kh7 61. a7 Rxa7 62. Rxc3 Ra4 63. Re3 Kh6 64. Re6+ Kg7 65. Kg5 Ra5+ 66. Kf4 Ra1 67. Kf5 Rf1+ 68. Kg5 Rf7 69. h6+ Kh7 70. Kh5 Ra7 71. g5 Ra5 72. Re7+ Kh8 73. Kg6 Ra6+ 74. Kf5 Ra5+ 75. Re5 Ra6 76. g6 Ra8 77. Kf6 Rg8 78. Re7 Ra8 79. Re6 Rf8+ 80. Ke7 Rg8 81. Kd7 Ra8 82. Re8+ Rxe8 83. Kxe8 Kg8 84. g7 1-0

[Event "Montreal Mercredi 01"]
[Site "Montreal"]
[Date "2019.01.09"]
[Round "1"]
[White "Feoktistov, Dmitri"]
[Black "Tremblay, Alain"]
[Result "1/2-1/2"]
[WhiteElo "2150"]
[BlackElo "2057"]
[PlyCount "87"]
[EventDate "2019.01.09"]
[EventType "swiss"]
[EventRounds "5"]
[EventCountry "CAN"]
[SourceTitle "EXT 2022"]
[Source "ChessBase"]
[SourceDate "2021.10.06"]
[SourceVersion "1"]
[SourceVersionDate "2021.10.06"]
[SourceQuality "1"]

1. d4 Nf6 2. c4 e6 3. Nc3 d5 4. Bg5 Be7 5. Nf3 h6 6. Bh4 0-0 7. e3 b6 8. cxd5 exd5 9. Bd3 Be6 10. 0-0 Nbd7 11. Rc1 c5 12. dxc5 Nxc5 13. Bb1 Rc8 14. Nd4 Qd7 15. Qe2 Nfe4 16. Bxe7 Qxe7 17. f3 Nxc3 18. Rxc3 g6 19. Ra3 a5 20. f4 f5 21. g4 Ne4 22. Rb3 Qd6 23. Qa6 Rb8 24. Rc1 Rfc8 25. Rxc8+ Bxc8 26. Qe2 fxg4 27. Bxe4 dxe4 28. Rc3 Bd7 29. Qc2 Re8 30. Rc7 Re7 31. Qc3 g3 32. hxg3 g5 33. Kf2 gxf4 34. gxf4 Qf6 35. Ke1 Qh4+ 36. Kd2 Qf2+ 37. Ne2 Bg4 38. Qc4+ Be6 39. Qc6 Rxc7 40. Qxc7 Bg4 41. Qd8+ Kf7 42. Qd5+ Kf8 43. Qd6+ Kf7 44. Qd5+ 1/2-1/2

[Event "Quebec-ch U20"]
[Site "Montreal"]
[Date "2007.04.21"]
[Round "2"]
[White "Feoktistov, Dmitri"]
[Black "Benoit Deschamps, Jean Marc"]
[Result "1/2-1/2"]
[WhiteElo "2169"]
[BlackElo "2086"]
[PlyCount "64"]
[EventDate "2007.04.20"]
[EventType "swiss"]
[EventRounds "5"]
[EventCountry "CAN"]
[SourceTitle "EXT 2022"]
[Source "ChessBase"]
[SourceDate "2021.10.06"]
[SourceVersion "1"]
[SourceVersionDate "2021.10.06"]
[SourceQuality "1"]

1. d4 Nf6 2. c4 c5 3. d5 e6 4. Nc3 exd5 5. cxd5 d6 6. Nf3 g6 7. Nd2 Nbd7 8. Nc4 Nb6 9. e4 Nxc4 10. Bxc4 Bg7 11. 0-0 0-0 12. Bg5 a6 13. a4 Bd7 14. f4 Qb6 15. e5 Ng4 16. Be7 Rfe8 17. Bxd6 Ne3 18. Qb3 Qxb3 19. Bxb3 Nxf1 20. Rxf1 Rac8 21. Bc4 Bf5 22. h3 h5 23. Be2 h4 24. Bg4 Bxg4 25. hxg4 g5 26. Ne4 gxf4 27. Rxf4 Bxe5 28. Bxe5 Rxe5 29. Kf2 Rd8 30. Nf6+ Kg7 31. Rf3 Kg6 32. Nh5 f5 1/2-1/2

[Event "Montreal op"]
[Site "Montreal"]
[Date "2005.07.23"]
[Round "7"]
[White "Feoktistov, Dmitri"]
[Black "Caceres Cortes, Julio"]
[Result "1-0"]
[WhiteElo "2234"]
[BlackElo "2023"]
[PlyCount "77"]
[EventDate "2005.07.15"]
[EventType "swiss"]
[EventRounds "9"]
[EventCountry "CAN"]
[SourceTitle "EXT 2007"]
[Source "ChessBase"]
[SourceDate "2006.11.23"]
[SourceVersion "1"]
[SourceVersionDate "2006.11.23"]
[SourceQuality "1"]

1. d4 Nf6 2. c4 e6 3. Nc3 Bb4 4. Nf3 0-0 5. Bg5 h6 6. Bh4 d5 7. e3 Nbd7 8. Bd3 dxc4 9. Bxc4 c5 10. 0-0 Bxc3 11. bxc3 Qc7 12. Qb3 b6 13. Bg3 Qb7 14. Nd2 Ne4 15. Nxe4 Qxe4 16. Be2 Qg6 17. Bf3 Ba6 18. c4 Rad8 19. Qa4 Bc8 20. Bc7 cxd4 21. Bxd8 Ne5 22. Ba8 Rxd8 23. exd4 Nd3 24. Qxa7 e5 25. Qe7 Rf8 26. Qh4 Bg4 27. Bd5 b5 28. f3 Bf5 29. dxe5 Nxe5 30. cxb5 Qb6+ 31. Kh1 Qxb5 32. Be4 Be6 33. a4 Qc4 34. Qg3 Nd7 35. Rfc1 Qd4 36. Rd1 Qb2 37. Qd6 Nf6 38. a5 Bg4 39. Qd4 1-0

[Event "CAN-ch FM playoff"]
[Site "Toronto"]
[Date "2004.08.30"]
[Round "1"]
[White "Filipovich, David"]
[Black "Feoktistov, Dmitri"]
[Result "1/2-1/2"]
[WhiteElo "2210"]
[BlackElo "2146"]
[PlyCount "59"]
[EventDate "2004.08.30"]
[EventType "tourn"]
[EventRounds "5"]
[EventCountry "CAN"]
[SourceTitle "CBM 102 Extra"]
[Source "ChessBase"]
[SourceDate "2004.11.03"]
[SourceVersion "1"]
[SourceVersionDate "2004.11.03"]
[SourceQuality "1"]

1. Nf3 d5 2. g3 c5 3. Bg2 Nc6 4. d4 e6 5. 0-0 Nf6 6. c4 dxc4 7. Ne5 Nxe5 8. dxe5 Nd5 9. Na3 Be7 10. Nxc4 0-0 11. e4 Nb4 12. Qe2 Qc7 13. Rd1 Nc6 14. f4 Nd4 15. Qf2 b5 16. Nd6 Bxd6 17. exd6 Qxd6 18. e5 Qb8 19. Be3 Bb7 20. Bxd4 cxd4 21. Bxb7 Qxb7 22. Qxd4 Rac8 23. Rac1 h6 24. b4 Qa6 25. Qd7 Qb6+ 26. Kg2 Rcd8 27. Qe7 Rxd1 28. Rxd1 Qc6+ 29. Kh3 Qf3 30. Rd8 1/2-1/2

[Event "CAN-ch"]
[Site "Toronto"]
[Date "2004.08.28"]
[Round "8"]
[White "Feoktistov, Dmitri"]
[Black "MacPhail, John"]
[Result "1/2-1/2"]
[WhiteElo "2146"]
[BlackElo "2339"]
[PlyCount "75"]
[EventDate "2004.08.20"]
[EventType "swiss"]
[EventRounds "9"]
[EventCountry "CAN"]
[SourceTitle "CBM 101 Extra"]
[Source "ChessBase"]
[SourceDate "2004.09.01"]
[SourceVersion "2"]
[SourceVersionDate "2004.09.01"]
[SourceQuality "1"]

1. e4 c5 2. c3 d5 3. exd5 Qxd5 4. d4 g6 5. Be3 cxd4 6. cxd4 Bg7 7. Nc3 Qd8 8. Bc4 Nf6 9. Nf3 0-0 10. Ne5 Nbd7 11. Qb3 e6 12. Nxd7 Qxd7 13. Rd1 b6 14. d5 exd5 15. Nxd5 Nxd5 16. Bxd5 Bb7 17. 0-0 Rad8 18. Bxb7 Qxb7 19. a4 Qc7 20. Qb5 Qc2 21. Rxd8 Rxd8 22. a5 Qxb2 23. Qxb2 Bxb2 24. axb6 a5 25. b7 a4 26. Bf4 a3 27. b8Q Rxb8 28. Bxb8 a2 29. g4 Kg7 30. Kg2 Kf6 31. f3 a1Q 32. Rxa1 Bxa1 33. h3 Be5 34. Ba7 Ke6 35. Bb6 Kd5 36. Ba7 Kc4 37. Bb6 Kd3 38. Ba7 1/2-1/2

[Event "Quebec op"]
[Site "Montreal"]
[Date "2004.07.17"]
[Round "1"]
[White "Barbeau, Sylvain"]
[Black "Feoktistov, Dmitri"]
[Result "1-0"]
[WhiteElo "2404"]
[BlackElo "2146"]
[PlyCount "93"]
[EventDate "2004.07.17"]
[EventType "swiss"]
[EventRounds "9"]
[EventCountry "CAN"]
[SourceTitle "CBM 101 Extra"]
[Source "ChessBase"]
[SourceDate "2004.09.01"]
[SourceVersion "2"]
[SourceVersionDate "2004.09.01"]
[SourceQuality "1"]

1. f4 e5 2. e4 exf4 3. Nf3 d6 4. d4 g5 5. h4 g4 6. Ng1 f5 7. Bxf4 fxe4 8. Nc3 Nf6 9. Nge2 d5 10. Qd2 Be7 11. Ng3 Be6 12. Be2 c6 13. 0-0 Nbd7 14. a3 a5 15. Nd1 Qb6 16. Ne3 c5 17. c3 c4 18. Ngf5 Bxf5 19. Nxf5 Rg8 20. Nxe7 Kxe7 21. Bg5 h5 22. Rf5 Qd6 23. Raf1 Raf8 24. b3 cxb3 25. c4 Qxa3 26. Rxd5 Qa2 27. Rxa5 Qxd2 28. Bxd2 Ra8 29. Rb5 Ra2 30. Bb4+ Kd8 31. Bd1 b2 32. Bc3 Kc7 33. Bxb2 Rga8 34. Bc1 R2a5 35. Bf4+ Kc8 36. Rg5 R8a6 37. c5 Ra1 38. Bb3 Rxf1+ 39. Kxf1 Ra3 40. Be6 Kd8 41. Bd6 Rd3 42. d5 Rd2 43. Rg7 Ke8 44. Be7 Rc2 45. d6 Nxc5 46. Bxf6 Nxe6 47. Re7+ 1-0

[Event "Quebec-ch"]
[Site "Montreal"]
[Date "2004.07.03"]
[Round "8"]
[White "Khassanov, Marat"]
[Black "Feoktistov, Dmitri"]
[Result "1-0"]
[WhiteElo "2350"]
[BlackElo "2272"]
[PlyCount "77"]
[EventDate "2004.06.??"]
[EventType "tourn"]
[EventRounds "9"]
[EventCountry "CAN"]
[SourceTitle "EXT 2006"]
[Source "ChessBase"]
[SourceDate "2005.11.24"]
[SourceVersion "1"]
[SourceVersionDate "2005.11.24"]
[SourceQuality "1"]

1. e4 c6 2. d4 d5 3. exd5 cxd5 4. c3 Nc6 5. Nf3 Bg4 6. Qb3 Bxf3 7. Qxb7 Qc8 8. Qxc8+ Rxc8 9. gxf3 Nxd4 10. Ba6 Rc7 11. Na3 Ne6 12. Nb5 Rc6 13. Bb7 Rb6 14. Bxd5 a6 15. Na3 Nf6 16. Bc4 Nc7 17. Bb3 Nfd5 18. Be3 Nxe3 19. fxe3 e6 20. Ba4+ Ke7 21. Nc4 Rb7 22. 0-0-0 Nb5 23. Ne5 Rc7 24. Kb1 Kf6 25. f4 Bc5 26. Rd7 Rhc8 27. Rhd1 g6 28. c4 Na7 29. Rxc7 Rxc7 30. Rd7 Bb6 31. c5 Ba5 32. b4 Rxd7 33. Nxd7+ Kf5 34. Bc2+ Kg4 35. Ne5+ Kh3 36. bxa5 Kxh2 37. Nxf7 h5 38. Bxg6 h4 39. Ng5 1-0

[Event "Quebec-ch"]
[Site "Montreal"]
[Date "2004.06.27"]
[Round "3"]
[White "Feoktistov, Dmitri"]
[Black "Bolduc, Steve"]
[Result "1-0"]
[WhiteElo "2272"]
[BlackElo "2121"]
[PlyCount "73"]
[EventDate "2004.06.??"]
[EventType "tourn"]
[EventRounds "9"]
[EventCountry "CAN"]
[SourceTitle "EXT 2006"]
[Source "ChessBase"]
[SourceDate "2005.11.24"]
[SourceVersion "1"]
[SourceVersionDate "2005.11.24"]
[SourceQuality "1"]

1. d4 Nf6 2. c4 e6 3. Nc3 Bb4 4. Nf3 c5 5. g3 cxd4 6. Nxd4 Ne4 7. Qd3 Bxc3+ 8. bxc3 Nc5 9. Qd2 b6 10. Bg2 Bb7 11. Bxb7 Nxb7 12. Ba3 Na6 13. Nf5 Qf6 14. Rd1 0-0-0 15. Nd6+ Nxd6 16. Bxd6 Nc5 17. Bxc5 bxc5 18. Qb2 Qe5 19. Rb1 Qc7 20. Qa3 Rde8 21. Rb5 Kd8 22. Rxc5 Qd6 23. Rc8+ Ke7 24. Rxe8+ Rxe8 25. Qxa7 Qc6 26. 0-0 Ra8 27. Qd4 f6 28. Ra1 Ra4 29. Qg4 Kf8 30. Rb1 Qc7 31. Qe4 Rxc4 32. Qxh7 Rxc3 33. Rb8+ Kf7 34. Rg8 e5 35. Qxg7+ Ke6 36. Re8+ Kf5 37. Qh7+ 1-0

[Event "Montreal Omnium op"]
[Site "Montreal"]
[Date "2003.08.30"]
[Round "2"]
[White "Pitre, Francois"]
[Black "Feoktistov, Dmitri"]
[Result "1/2-1/2"]
[WhiteElo "1961"]
[BlackElo "2294"]
[PlyCount "57"]
[EventDate "2003.08.??"]
[EventType "swiss"]
[EventRounds "5"]
[EventCountry "CAN"]
[SourceTitle "EXT 2006"]
[Source "ChessBase"]
[SourceDate "2005.11.24"]
[SourceVersion "1"]
[SourceVersionDate "2005.11.24"]
[SourceQuality "1"]

1. d4 Nf6 2. Nf3 e6 3. Nbd2 d5 4. e3 c5 5. c3 Nc6 6. Ne5 Qc7 7. f4 a6 8. Bd3 b5 9. 0-0 Bb7 10. Qf3 0-0-0 11. a3 c4 12. Bc2 Ne8 13. e4 f6 14. Nxc6 Bxc6 15. e5 f5 16. Rf2 g6 17. Nf1 Rd7 18. b3 a5 19. b4 Qb6 20. Be3 Ra7 21. Qd1 Rg8 22. Qb1 Rgg7 23. Bd1 Ra6 24. Rb2 Rga7 25. Raa2 Qb8 26. Rf2 Qa8 27. Rab2 axb4 28. axb4 Ra3 29. Qc2 1/2-1/2

[Event "Quebec-ch Inv"]
[Site "Montreal"]
[Date "2003.06.29"]
[Round "4"]
[White "Hebert, Jean"]
[Black "Feoktistov, Dmitri"]
[Result "1-0"]
[WhiteElo "2417"]
[BlackElo "2125"]
[PlyCount "105"]
[EventDate "2003.06.26"]
[EventType "tourn"]
[EventRounds "9"]
[EventCountry "CAN"]
[EventCategory "3"]
[SourceTitle "EXT 2004"]
[Source "ChessBase"]
[SourceDate "2003.11.25"]
[SourceVersion "1"]
[SourceVersionDate "2003.11.25"]
[SourceQuality "1"]

1. e4 c6 2. d4 d5 3. exd5 cxd5 4. c4 Nf6 5. Nc3 Nc6 6. Bg5 Be6 7. a3 Qd7 8. Bxf6 gxf6 9. c5 Bg7 10. Bb5 0-0 11. Nge2 Qc7 12. 0-0 Rad8 13. Ng3 Qf4 14. Nce2 Qc7 15. Rc1 Bg4 16. f3 Bc8 17. Qd3 e6 18. Bxc6 bxc6 19. Nh5 f5 20. Nxg7 Kxg7 21. b4 f6 22. f4 Bd7 23. a4 Rb8 24. Rb1 Rb7 25. Rb3 Rfb8 26. Rfb1 Be8 27. Qe3 Bf7 28. Nc1 Kh8 29. Nd3 Kg7 30. Qg3+ Bg6 31. Qe1 Qd7 32. Qc3 Be8 33. R3b2 Kh8 34. Re1 Qc8 35. Reb1 Qd7 36. Qe1 Bf7 37. Rc1 Rc7 38. Rc3 Kg7 39. b5 cxb5 40. c6 Qc8 41. axb5 a6 42. Qa1 Rxb5 43. Rxb5 axb5 44. Nb4 Be8 45. Qa5 Kf7 46. Qb6 Kg7 47. h3 Kf7 48. Kh2 Kg7 49. Ra3 Kg8 50. Ra8 Qxa8 51. Qxc7 Qa3 52. Qe7 Qe3 53. Nxd5 1-0

[Event "Quebec-ch Inv"]
[Site "Montreal"]
[Date "2003.06.26"]
[Round "1"]
[White "Feoktistov, Dmitri"]
[Black "Maly, Alexey"]
[Result "0-1"]
[WhiteElo "2125"]
[BlackElo "2366"]
[PlyCount "60"]
[EventDate "2003.06.26"]
[EventType "tourn"]
[EventRounds "9"]
[EventCountry "CAN"]
[EventCategory "3"]
[SourceTitle "EXT 2004"]
[Source "ChessBase"]
[SourceDate "2003.11.25"]
[SourceVersion "1"]
[SourceVersionDate "2003.11.25"]
[SourceQuality "1"]

1. d4 d5 2. c4 dxc4 3. Nf3 Nf6 4. Nc3 a6 5. a4 Nc6 6. e3 Na5 7. Ne5 Be6 8. Be2 g6 9. Bd2 Bg7 10. Bf3 c5 11. Ne2 Nb3 12. Bxb7 Nxa1 13. Nc6 Qc7 14. Bxa8 Qc8 15. Qxa1 Qxa8 16. Ne5 Qxg2 17. Rg1 Qxh2 18. Nf3 Qd6 19. Bc3 0-0 20. dxc5 Qxc5 21. Ned4 Bd5 22. Ne5 Qd6 23. f4 Ne4 24. Nf5 Qc7 25. Bd4 gxf5 26. Ke2 f6 27. Rxg7+ Kxg7 28. Qg1+ Kh8 29. Qh2 Qa5 30. Bc3 Nxc3+ 0-1